[Event "Titled Tuesday intern op 21st Dec"]
[Site "Chess.com INT"]
[Date "2021.12.21"]
[Round "10"]
[White "Unver, Cumali"]
[Black "Redzisz, Michal"]
[Result "0-1"]
[WhiteElo "2046"]
[BlackElo "2261"]
[PlyCount "84"]
[EventDate "2021.12.21"]
[EventType "swiss (blitz)"]
[EventRounds "11"]
[EventCountry "USA"]
[SourceTitle "CBM 205 Extra"]
[Source "ChessBase"]
[SourceDate "2022.01.31"]
[SourceVersion "1"]
[SourceVersionDate "2022.01.31"]
[SourceQuality "1"]

1. e4 c5 2. Nf3 e6 3. c3 d5 4. d3 Ne7 5. Nbd2 g6 6. g3 Bg7 7. Bg2 O-O 8. O-O Nbc6 9. Re1 b5 10. a4 b4 11. c4 Bb7 12. e5 Qc7 13. Qe2 Rfd8 14. b3 dxc4 15. Nxc4 Nf5 16. Bb2 Nfd4 17. Nxd4 Nxd4 18. Bxd4 Rxd4 19. Bxb7 Qxb7 20. Rac1 Rad8 21. Nd6 Qd5 22. Nc4 Rxd3 23. h4 Rxb3 24. Rcd1 Rd3 25. Rxd3 Qxd3 26. Qxd3 Rxd3 27. Rc1 Rc3 28. Rxc3 bxc3 29. Ne3 Bxe5 30. Kf1 Bd4 31. Nc2 e5 32. Ke2 e4 33. f3 f5 34. g4 exf3+ 35. Kxf3 fxg4+ 36. Kxg4 Kf7 37. h5 gxh5+ 38. Kxh5 Ke6 39. Kh6 Kd6 40. Kxh7 Kd5 41. Kg6 Kc4 42. Kf5 Kd3 0-1

[Event "Titled Tuesday intern op 21st Dec"]
[Site "Chess.com INT"]
[Date "2021.12.21"]
[Round "10"]
[White "Valgmae, Toomas"]
[Black "Kejzar, Petra"]
[Result "0-1"]
[WhiteElo "2270"]
[BlackElo "2072"]
[PlyCount "74"]
[EventDate "2021.12.21"]
[EventType "swiss (blitz)"]
[EventRounds "11"]
[EventCountry "USA"]
[SourceTitle "CBM 205 Extra"]
[Source "ChessBase"]
[SourceDate "2022.01.31"]
[SourceVersion "1"]
[SourceVersionDate "2022.01.31"]
[SourceQuality "1"]

1. d4 d5 2. c4 c6 3. Nf3 Nf6 4. Nc3 e6 5. Bg5 h6 6. Bh4 Be7 7. e3 O-O 8. Bd3 Nbd7 9. O-O dxc4 10. Bxc4 b5 11. Bd3 Bb7 12. a4 b4 13. Bxf6 Nxf6 14. Ne4 Qd5 15. Qc2 b3 16. Qb1 Rfd8 17. Rc1 Qh5 18. Nc5 Rab8 19. a5 Rd5 20. Nxb7 Rxb7 21. Rxc6 Bb4 22. Rc8+ Bf8 23. Qc1 Rxa5 24. Ne5 Rxa1 25. Qxa1 Ng4 26. Nxg4 Qxg4 27. h3 Qg5 28. Qa6 Qe7 29. Qc6 g6 30. Be4 Rb6 31. Qa8 Kg7 32. Re8 Qd6 33. Qxa7 Ra6 34. Qxa6 Qxa6 35. Rb8 Qa1+ 36. Kh2 Qxb2 37. Kg3 Bd6+ 0-1

[Event "Titled Tuesday intern op 21st Dec"]
[Site "Chess.com INT"]
[Date "2021.12.21"]
[Round "10"]
[White "Van Osch, Mees"]
[Black "Sowa, Ryan"]
[Result "0-1"]
[WhiteElo "2364"]
[BlackElo "2067"]
[PlyCount "30"]
[EventDate "2021.12.21"]
[EventType "swiss (blitz)"]
[EventRounds "11"]
[EventCountry "USA"]
[SourceTitle "CBM 205 Extra"]
[Source "ChessBase"]
[SourceDate "2022.01.31"]
[SourceVersion "1"]
[SourceVersionDate "2022.01.31"]
[SourceQuality "1"]

1. e4 e5 2. Nf3 Nc6 3. Bc4 Bc5 4. O-O Nf6 5. c3 Nxe4 6. b4 d5 7. bxc5 dxc4 8. Qe2 Qd3 9. Qxd3 cxd3 10. Re1 f5 11. Nxe5 Nxe5 12. f3 O-O 13. fxe4 f4 14. Na3 f3 15. Nb5 f2+ 0-1

[Event "Titled Tuesday intern op 21st Dec"]
[Site "Chess.com INT"]
[Date "2021.12.21"]
[Round "10"]
[White "Wagner, Dennis"]
[Black "Shuvalova, Polina"]
[Result "1-0"]
[WhiteElo "2584"]
[BlackElo "2516"]
[PlyCount "67"]
[EventDate "2021.12.21"]
[EventType "swiss (blitz)"]
[EventRounds "11"]
[EventCountry "USA"]
[SourceTitle "CBM 205 Extra"]
[Source "ChessBase"]
[SourceDate "2022.01.31"]
[SourceVersion "1"]
[SourceVersionDate "2022.01.31"]
[SourceQuality "1"]

1. d4 d5 2. c4 e6 3. Nf3 Nf6 4. g3 Bb4+ 5. Bd2 Be7 6. Bg2 c6 7. O-O Nbd7 8. Qc2 b6 9. Nc3 Bb7 10. e4 dxc4 11. a4 c5 12. d5 exd5 13. exd5 Nxd5 14. Nxd5 Bxd5 15. Rfe1 O-O 16. Rxe7 Bxf3 17. Rxd7 Qxd7 18. Bxf3 Rad8 19. Be3 Qd3 20. Qc1 a6 21. Kg2 b5 22. axb5 axb5 23. Bxc5 Rfe8 24. Bb4 h6 25. Ra7 Rd7 26. Ra3 Qg6 27. Qf4 Rd3 28. Ra7 Re6 29. Ra8+ Kh7 30. h4 Qf6 31. Be4+ Rxe4 32. Qxe4+ g6 33. Bc3 Rxc3 34. bxc3 1-0

[Event "Titled Tuesday intern op 21st Dec"]
[Site "Chess.com INT"]
[Date "2021.12.21"]
[Round "10"]
[White "Wagner, Dinara"]
[Black "Santos Ruiz, Miguel"]
[Result "0-1"]
[WhiteElo "2325"]
[BlackElo "2596"]
[PlyCount "64"]
[EventDate "2021.12.21"]
[EventType "swiss (blitz)"]
[EventRounds "11"]
[EventCountry "USA"]
[SourceTitle "CBM 205 Extra"]
[Source "ChessBase"]
[SourceDate "2022.01.31"]
[SourceVersion "1"]
[SourceVersionDate "2022.01.31"]
[SourceQuality "1"]

1. Nf3 c5 2. c4 g6 3. g3 Bg7 4. Nc3 Nc6 5. Bg2 d6 6. a3 e6 7. b4 Nge7 8. b5 Nd4 9. O-O O-O 10. e3 Nxf3+ 11. Bxf3 Rb8 12. d4 b6 13. Bb2 cxd4 14. exd4 Bb7 15. d5 exd5 16. cxd5 Rc8 17. Rc1 Rc5 18. Qd2 Qa8 19. Rfe1 Nxd5 20. Ne4 Rxc1 21. Rxc1 Rd8 22. Bxg7 Kxg7 23. Qd4+ Kg8 24. Ng5 h6 25. Nxf7 Kxf7 26. Bxd5+ Bxd5 27. Rc7+ Ke6 28. Qe3+ Be4 29. f3 Qd5 30. fxe4 Qd1+ 31. Kg2 Rf8 32. Qb3+ Qxb3 0-1

[Event "Titled Tuesday intern op 21st Dec"]
[Site "Chess.com INT"]
[Date "2021.12.21"]
[Round "10"]
[White "Ward, Ieuan C"]
[Black "De Souza, Cristiano Gomes"]
[Result "0-1"]
[WhiteElo "2028"]
[BlackElo "2018"]
[PlyCount "80"]
[EventDate "2021.12.21"]
[EventType "swiss (blitz)"]
[EventRounds "11"]
[EventCountry "USA"]
[SourceTitle "CBM 205 Extra"]
[Source "ChessBase"]
[SourceDate "2022.01.31"]
[SourceVersion "1"]
[SourceVersionDate "2022.01.31"]
[SourceQuality "1"]

1. e4 c5 2. Nf3 d6 3. d4 cxd4 4. Nxd4 Nf6 5. Nc3 a6 6. Bg5 e6 7. f4 Be7 8. Qf3 h6 9. Bh4 g5 10. fxg5 Nfd7 11. Bg3 Ne5 12. Qh5 Bxg5 13. Rd1 Qe7 14. Be2 Nbc6 15. Nxc6 bxc6 16. Bxe5 dxe5 17. O-O Be3+ 18. Kh1 Bd4 19. Rd3 a5 20. Rdf3 Rf8 21. Qxh6 Ra7 22. Nd1 f5 23. c3 Bc5 24. exf5 exf5 25. Qxc6+ Bd7 26. Qg6+ Kd8 27. Bc4 e4 28. R3f2 Bxf2 29. Rxf2 f4 30. Qb6+ Rc7 31. Bb5 Bxb5 32. Qxb5 e3 33. Qb8+ Kd7 34. Qb5+ Rc6 35. Re2 Qd6 36. Re1 Qd2 37. Qb7+ Rc7 38. Qb5+ Kc8 39. Qa6+ Kb8 40. Qb6+ Rb7 0-1

[Event "Titled Tuesday intern op 21st Dec"]
[Site "Chess.com INT"]
[Date "2021.12.21"]
[Round "10"]
[White "Weber, Samuel"]
[Black "Jary, Sergey"]
[Result "1-0"]
[WhiteElo "2250"]
[BlackElo "2275"]
[PlyCount "77"]
[EventDate "2021.12.21"]
[EventType "swiss (blitz)"]
[EventRounds "11"]
[EventCountry "USA"]
[SourceTitle "CBM 205 Extra"]
[Source "ChessBase"]
[SourceDate "2022.01.31"]
[SourceVersion "1"]
[SourceVersionDate "2022.01.31"]
[SourceQuality "1"]

1. c4 Nf6 2. g3 g6 3. Bg2 Bg7 4. Nc3 O-O 5. d4 d6 6. Nf3 Nc6 7. O-O a6 8. Bg5 h6 9. Bf4 Nh5 10. Bc1 e5 11. dxe5 Nxe5 12. Nxe5 Bxe5 13. Bxh6 Ng7 14. Qb3 Be6 15. Nd5 Rb8 16. f4 Bd4+ 17. e3 Bc5 18. Qc3 f6 19. Bxg7 Kxg7 20. b4 Ba7 21. Qd3 c6 22. Nc3 b5 23. cxb5 axb5 24. Rfd1 Bc4 25. Qxd6 Bxe3+ 26. Kh1 c5 27. bxc5 b4 28. Ne4 Qa5 29. Nxf6 Rbd8 30. Qe7+ Bf7 31. Qxe3 b3 32. axb3 Qc7 33. Qe5 Qc8 34. Nd7+ Kg8 35. Nf6+ Kg7 36. Nh5+ Kh6 37. Qg7+ Kxh5 38. Bf3+ Qg4 39. Qh7# 1-0

[Event "Titled Tuesday intern op 21st Dec"]
[Site "Chess.com INT"]
[Date "2021.12.21"]
[Round "10"]
[White "Weishaeutel, Moritz"]
[Black "Ristic, Nebojsa M"]
[Result "1-0"]
[WhiteElo "2371"]
[BlackElo "2353"]
[PlyCount "101"]
[EventDate "2021.12.21"]
[EventType "swiss (blitz)"]
[EventRounds "11"]
[EventCountry "USA"]
[SourceTitle "CBM 205 Extra"]
[Source "ChessBase"]
[SourceDate "2022.01.31"]
[SourceVersion "1"]
[SourceVersionDate "2022.01.31"]
[SourceQuality "1"]

1. e4 e6 2. d4 d5 3. exd5 exd5 4. Nf3 Bd6 5. c4 dxc4 6. Bxc4 Nf6 7. Qe2+ Qe7 8. Qxe7+ Kxe7 9. O-O Re8 10. Bg5 Nbd7 11. Nc3 Kf8 12. Nb5 h6 13. Nxd6 cxd6 14. Bf4 Nb6 15. Bxd6+ Kg8 16. Bd3 Bg4 17. Ne5 Rad8 18. Bc5 Nbd7 19. Nxd7 Nxd7 20. Bxa7 Be2 21. Bxe2 Rxe2 22. Bc5 Rxb2 23. Rfb1 Rxb1+ 24. Rxb1 b6 25. Bd6 Ra8 26. a3 Rc8 27. g3 Rc4 28. Rb4 Rc3 29. a4 f6 30. Be7 Kf7 31. Bd8 Rc6 32. d5 Rd6 33. Rb5 Nc5 34. Bxb6 Nxa4 35. Bc7 Nc3 36. Rc5 Ne4 37. Bxd6 Nxd6 38. Rc7+ Kf8 39. Rd7 Nf5 40. Kg2 Ke8 41. Ra7 h5 42. Kf3 g5 43. Ke4 Nd6+ 44. Kd3 f5 45. Rh7 Nf7 46. Rxh5 f4 47. Ke4 fxg3 48. hxg3 Ke7 49. Rh7 g4 50. Rxf7+ Kd6 51. Kf5 1-0

[Event "Titled Tuesday intern op 21st Dec"]
[Site "Chess.com INT"]
[Date "2021.12.21"]
[Round "10"]
[White "Yakimova, Mariya"]
[Black "Tsatsalashvili, Ketevan"]
[Result "0-1"]
[WhiteElo "2198"]
[BlackElo "2331"]
[PlyCount "114"]
[EventDate "2021.12.21"]
[EventType "swiss (blitz)"]
[EventRounds "11"]
[EventCountry "USA"]
[SourceTitle "CBM 205 Extra"]
[Source "ChessBase"]
[SourceDate "2022.01.31"]
[SourceVersion "1"]
[SourceVersionDate "2022.01.31"]
[SourceQuality "1"]

1. d4 Nf6 2. c4 e6 3. g3 d5 4. Nf3 Bb4+ 5. Bd2 Bxd2+ 6. Qxd2 O-O 7. Bg2 c6 8. O-O Ne4 9. Qc2 Nd7 10. Nfd2 f5 11. Nxe4 fxe4 12. f3 exf3 13. exf3 Qf6 14. Qd2 dxc4 15. Na3 e5 16. Rad1 exd4 17. Qxd4 Qxd4+ 18. Rxd4 Nb6 19. Nxc4 Nxc4 20. Rxc4 Be6 21. Rb4 Bxa2 22. Rxb7 Bc4 23. Re1 Rf7 24. Rxf7 Kxf7 25. Rc1 Bd5 26. Kf2 Rb8 27. Rc2 Rb6 28. Bf1 Ke6 29. f4 Kd6 30. Bd3 h6 31. Ke3 Rb4 32. Kd2 a5 33. Kc1 Be4 34. Rd2 Bxd3 35. Rxd3+ Ke6 36. Rd8 Re4 37. Rc8 Kd6 38. Rg8 Re7 39. Ra8 Re1+ 40. Kd2 Rh1 41. Rg8 Rxh2+ 42. Kc3 g5 43. Rg6+ Kc7 44. f5 Rg2 45. Rxh6 Rxg3+ 46. Kd4 Rf3 47. Ke5 Re3+ 48. Kf6 g4 49. Kg7 g3 50. Rg6 Rf3 51. f6 Kd7 52. f7 Ke7 53. Kg8 Rxf7 54. Rxg3 Rf2 55. Re3+ Kd6 56. Ra3 Rxb2 57. Rxa5 Rf2 0-1

[Event "Titled Tuesday intern op 21st Dec"]
[Site "Chess.com INT"]
[Date "2021.12.21"]
[Round "10"]
[White "Yurovskich, Oleksandr"]
[Black "Tzoumbas, Anastasios"]
[Result "0-1"]
[WhiteElo "2328"]
[BlackElo "2287"]
[PlyCount "126"]
[EventDate "2021.12.21"]
[EventType "swiss (blitz)"]
[EventRounds "11"]
[EventCountry "USA"]
[SourceTitle "CBM 205 Extra"]
[Source "ChessBase"]
[SourceDate "2022.01.31"]
[SourceVersion "1"]
[SourceVersionDate "2022.01.31"]
[SourceQuality "1"]

1. d4 Nf6 2. Nf3 e6 3. Bf4 b5 4. e3 a6 5. Nbd2 Bb7 6. c3 c5 7. Bd3 Nc6 8. h3 Qb6 9. O-O Be7 10. a4 O-O 11. Qe2 c4 12. Bc2 d5 13. axb5 axb5 14. b4 cxb3 15. Nxb3 b4 16. Rxa8 Rxa8 17. Rb1 Ba6 18. Bd3 Ne4 19. Bxa6 Nxc3 20. Qd3 Qxa6 21. Qxa6 Rxa6 22. Ra1 Rxa1+ 23. Nxa1 Na5 24. Nd2 Ne2+ 25. Kf1 Nxf4 26. exf4 Bf6 27. Nab3 Nc6 28. Nf3 Kf8 29. Ke2 Ke7 30. Kd3 Kd6 31. Ne5 Bxe5 32. fxe5+ Kc7 33. f4 Kb6 34. g4 Kb5 35. f5 Ka4 36. fxe6 fxe6 37. Nc5+ Ka3 38. Nxe6 b3 39. Nc7 Ne7 40. Nb5+ Kb4 41. Nd6 Ka3 42. Nb5+ Ka2 43. Nc3+ Ka1 44. h4 b2 45. h5 Nc6 46. e6 Ne7 47. Ke3 Nc6 48. Kf4 Nxd4 49. e7 Ne2+ 50. Ke5 Nxc3 51. e8=Q b1=Q 52. Qa8+ Kb2 53. Qb7+ Kc1 54. Qxg7 Qe4+ 55. Kd6 d4 56. g5 Qf4+ 57. Kc6 Kc2 58. Qxh7+ Qe4+ 59. Qxe4+ Nxe4 60. g6 d3 61. h6 d2 62. h7 d1=Q 63. h8=Q Qd6+ 0-1

[Event "Titled Tuesday intern op 21st Dec"]
[Site "Chess.com INT"]
[Date "2021.12.21"]
[Round "11"]
[White "Antonova, Nadezhda"]
[Black "Stefanov, Plamen"]
[Result "0-1"]
[WhiteElo "1842"]
[BlackElo "2077"]
[PlyCount "90"]
[EventDate "2021.12.21"]
[EventType "swiss (blitz)"]
[EventRounds "11"]
[EventCountry "USA"]
[SourceTitle "CBM 205 Extra"]
[Source "ChessBase"]
[SourceDate "2022.01.31"]
[SourceVersion "1"]
[SourceVersionDate "2022.01.31"]
[SourceQuality "1"]

1. Nf3 d5 2. b3 Nf6 3. Bb2 g6 4. g3 Bg7 5. Bg2 O-O 6. O-O c5 7. c4 d4 8. d3 Nc6 9. a3 Bf5 10. Nbd2 Qd7 11. Re1 h6 12. b4 b6 13. b5 Na5 14. Nh4 Bh3 15. Bxa8 Rxa8 16. e3 e5 17. exd4 exd4 18. Qf3 Rd8 19. Ne4 Nxe4 20. Rxe4 Nb3 21. Rd1 f5 22. Rf4 g5 23. Rxf5 gxh4 24. Rd5 Qe7 25. Rxd8+ Qxd8 26. g4 Qe7 27. Qxh3 Qe2 28. Rb1 Nd2 29. Ra1 Nf3+ 30. Kg2 Qxb2 31. Qxf3 Qxa1 32. Qa8+ Kh7 33. Qe4+ Kg8 34. Qa8+ Bf8 35. Qxa7 Qd1 36. h3 Qxd3 37. Qxb6 Qe4+ 38. Kh2 d3 39. Qd8 Qf3 40. Kg1 Qe2 41. Qd5+ Kg7 42. Qd7+ Be7 43. Qd5 d2 44. Kg2 d1=Q 45. Qf5 Qdf1+ 0-1

[Event "Titled Tuesday intern op 21st Dec"]
[Site "Chess.com INT"]
[Date "2021.12.21"]
[Round "11"]
[White "Aradhya, Garg"]
[Black "Devaev, Alexander"]
[Result "1-0"]
[WhiteElo "2236"]
[BlackElo "2325"]
[PlyCount "81"]
[EventDate "2021.12.21"]
[EventType "swiss (blitz)"]
[EventRounds "11"]
[EventCountry "USA"]
[SourceTitle "CBM 205 Extra"]
[Source "ChessBase"]
[SourceDate "2022.01.31"]
[SourceVersion "1"]
[SourceVersionDate "2022.01.31"]
[SourceQuality "1"]

1. d4 Nf6 2. c4 e6 3. Nf3 c5 4. d5 exd5 5. cxd5 d6 6. e4 a6 7. Nbd2 Nbd7 8. a4 Qe7 9. Bd3 Nxd5 10. Nc4 Nb4 11. O-O Ne5 12. Nb6 Rb8 13. Be2 Qc7 14. a5 Be7 15. Bd2 Nxf3+ 16. Bxf3 Nc6 17. Bg4 Bxg4 18. Qxg4 O-O 19. Bh6 Bf6 20. Nd7 Qd8 21. Nxb8 Qxb8 22. Ra3 Ne5 23. Qg3 Ng6 24. Be3 Bxb2 25. Rb3 Bd4 26. Rfb1 Qd8 27. Rxb7 Qxa5 28. h4 Bxe3 29. Qxe3 Nxh4 30. Qg3 Ng6 31. Qxd6 c4 32. Rb8 h6 33. Rxf8+ Nxf8 34. Rb8 Qa1+ 35. Kh2 c3 36. Qxf8+ Kh7 37. Qg8+ Kg6 38. Rb6+ f6 39. Rb7 c2 40. Qxg7+ Kh5 41. g4+ 1-0

[Event "Titled Tuesday intern op 21st Dec"]
[Site "Chess.com INT"]
[Date "2021.12.21"]
[Round "11"]
[White "Arias Gaviria, Mario Alexis"]
[Black "Costachi, Mihnea"]
[Result "1-0"]
[WhiteElo "2181"]
[BlackElo "2463"]
[PlyCount "73"]
[EventDate "2021.12.21"]
[EventType "swiss (blitz)"]
[EventRounds "11"]
[EventCountry "USA"]
[SourceTitle "CBM 205 Extra"]
[Source "ChessBase"]
[SourceDate "2022.01.31"]
[SourceVersion "1"]
[SourceVersionDate "2022.01.31"]
[SourceQuality "1"]

1. d4 d5 2. c4 e6 3. Nc3 a6 4. Nf3 Nf6 5. e3 Be7 6. a4 dxc4 7. Bxc4 O-O 8. Qc2 Nc6 9. O-O Nb4 10. Qb1 b6 11. Ne5 Bb7 12. Bd2 c5 13. Rd1 cxd4 14. Be1 Qc7 15. exd4 Nfd5 16. Bd3 g6 17. Be4 Bf6 18. Nf3 Rfd8 19. g3 h5 20. Ra3 Rac8 21. h4 Qe7 22. Rb3 a5 23. Nb5 Bc6 24. Ne5 Bxe5 25. dxe5 Bxb5 26. axb5 Qc5 27. Bxg6 Ne7 28. Bxf7+ Kxf7 29. Qh7+ Kf8 30. Qh8+ Kf7 31. Rf3+ Nf5 32. Qf6+ Ke8 33. Qxe6+ Ne7 34. Rd6 Qc4 35. Qh6 Rxd6 36. Rf8+ Kd7 37. Qxd6# 1-0

[Event "Titled Tuesday intern op 21st Dec"]
[Site "Chess.com INT"]
[Date "2021.12.21"]
[Round "11"]
[White "Begunov, Konstantin"]
[Black "Nechaeva, Marina"]
[Result "0-1"]
[WhiteElo "2325"]
[BlackElo "2384"]
[PlyCount "110"]
[EventDate "2021.12.21"]
[EventType "swiss (blitz)"]
[EventRounds "11"]
[EventCountry "USA"]
[SourceTitle "CBM 205 Extra"]
[Source "ChessBase"]
[SourceDate "2022.01.31"]
[SourceVersion "1"]
[SourceVersionDate "2022.01.31"]
[SourceQuality "1"]

1. d4 Nf6 2. c4 e6 3. Nf3 b6 4. g3 Ba6 5. Qa4 Bb7 6. Bg2 c5 7. dxc5 bxc5 8. Nc3 Be7 9. O-O O-O 10. Rd1 Qb6 11. Bf4 d6 12. Rd2 h6 13. Rad1 Rd8 14. Qb5 Ne8 15. a3 Qc7 16. Qb3 a6 17. Qc2 Nc6 18. e4 e5 19. Be3 Nd4 20. Qd3 Nf6 21. Nd5 Nxd5 22. exd5 a5 23. Ne1 a4 24. f4 exf4 25. Bxd4 cxd4 26. gxf4 Bf6 27. Nf3 Ba6 28. Rc1 Rac8 29. Bh3 Rb8 30. Nxd4 Re8 31. Rcc2 Qc5 32. Kh1 Re1+ 33. Kg2 Rbe8 34. Nf3 R1e3 35. Qf1 Bc8 36. Bxc8 Qxc8 37. Kh1 Qg4 38. Rf2 Qxf4 39. Rce2 Qe4 40. Rxe3 Qxe3 41. Ng1 Qe4+ 42. Qg2 Qb1 43. Rxf6 Re1 44. Rf2 Qd3 45. Qg3 Qxc4 46. Qf3 f6 47. Rg2 Kh8 48. Qg3 Re7 49. Qxd6 Rb7 50. Qf8+ Kh7 51. d6 Qd5 52. Qd8 Rxb2 53. Ne2 Rxe2 54. Qg8+ Kxg8 55. Kg1 Qxg2# 0-1

[Event "Titled Tuesday intern op 21st Dec"]
[Site "Chess.com INT"]
[Date "2021.12.21"]
[Round "11"]
[White "Blokhin, Sofia"]
[Black "Korkmaz, Necmettin"]
[Result "0-1"]
[WhiteElo "2032"]
[BlackElo "2106"]
[PlyCount "98"]
[EventDate "2021.12.21"]
[EventType "swiss (blitz)"]
[EventRounds "11"]
[EventCountry "USA"]
[SourceTitle "CBM 205 Extra"]
[Source "ChessBase"]
[SourceDate "2022.01.31"]
[SourceVersion "1"]
[SourceVersionDate "2022.01.31"]
[SourceQuality "1"]

1. e4 e6 2. d4 d5 3. e5 c5 4. c3 Nc6 5. Nf3 Qb6 6. a3 Nh6 7. Bxh6 gxh6 8. b4 cxd4 9. cxd4 Bg7 10. Bd3 O-O 11. Bc2 f6 12. exf6 Rf7 13. fxg7 Rxg7 14. O-O Bd7 15. Nc3 Rf8 16. Kh1 Qd8 17. b5 Na5 18. Ne5 Be8 19. Ne2 Qh4 20. Ng3 Rf4 21. Rc1 Rxd4 22. Nf3 Rxd1 23. Nxh4 Rxf1+ 24. Rxf1 Bxb5 25. Rb1 a6 26. Nh5 Rf7 27. f4 Nc4 28. f5 e5 29. f6 Nxa3 30. Rc1 Nxc2 31. Rxc2 Bc6 32. Nf5 Kf8 33. Nxh6 Rd7 34. Rc3 d4 35. Rg3 Bd5 36. Ng4 e4 37. Ne5 Rd6 38. Kg1 d3 39. Kf2 d2 40. Ke2 Bb3 41. f7 d1=Q+ 42. Ke3 Qd2+ 43. Kxe4 Bc2+ 44. Kf3 Bd1+ 45. Ke4 Qd4+ 46. Kf5 Bc2+ 47. Kg5 Qxe5+ 48. Kh4 Rd4+ 49. Kh3 Bf5+ 0-1

[Event "Titled Tuesday intern op 21st Dec"]
[Site "Chess.com INT"]
[Date "2021.12.21"]
[Round "11"]
[White "Bouget, Alexandre"]
[Black "Jodorcovsky Werjivker, Paulo"]
[Result "0-1"]
[WhiteElo "2250"]
[BlackElo "2213"]
[PlyCount "60"]
[EventDate "2021.12.21"]
[EventType "swiss (blitz)"]
[EventRounds "11"]
[EventCountry "USA"]
[SourceTitle "CBM 205 Extra"]
[Source "ChessBase"]
[SourceDate "2022.01.31"]
[SourceVersion "1"]
[SourceVersionDate "2022.01.31"]
[SourceQuality "1"]

1. Nc3 c5 2. g3 d5 3. Bg2 Nf6 4. e4 dxe4 5. Nxe4 Nxe4 6. Bxe4 e6 7. Qf3 Qc7 8. Qc3 Bd7 9. d3 Bc6 10. Bf4 Qc8 11. Nf3 Nd7 12. O-O-O Nf6 13. Rhe1 Be7 14. Ne5 Bd5 15. Ng4 O-O 16. Bh6 Qd8 17. Bxd5 Qxd5 18. Re5 Qd4 19. Rg5 Ne8 20. Qxd4 cxd4 21. Rb5 Nd6 22. Rh5 gxh6 23. Nxh6+ Kg7 24. f4 f5 25. Re1 Nf7 26. Nxf5+ exf5 27. Rxe7 Rae8 28. Rxb7 Re1+ 29. Kd2 Rfe8 30. Rg5+ Kf6 0-1

[Event "Titled Tuesday intern op 21st Dec"]
[Site "Chess.com INT"]
[Date "2021.12.21"]
[Round "11"]
[White "Broca Jimenez, Fernando"]
[Black "Merriman, John"]
[Result "0-1"]
[WhiteElo "2075"]
[BlackElo "2261"]
[PlyCount "57"]
[EventDate "2021.12.21"]
[EventType "swiss (blitz)"]
[EventRounds "11"]
[EventCountry "USA"]
[SourceTitle "CBM 205 Extra"]
[Source "ChessBase"]
[SourceDate "2022.01.31"]
[SourceVersion "1"]
[SourceVersionDate "2022.01.31"]
[SourceQuality "1"]

1. e4 e6 2. d4 d5 3. exd5 exd5 4. Bd3 Nc6 5. Nf3 Bd6 6. O-O Nge7 7. Bg5 f6 8. Bh4 Bg4 9. c3 Qd7 10. Nbd2 O-O-O 11. b4 Nf5 12. Bg3 Nxg3 13. fxg3 Rde8 14. b5 Ne7 15. Qc2 Nf5 16. Rfe1 Ne3 17. Qa4 Kb8 18. Nb3 Bxf3 19. gxf3 Bxg3 20. hxg3 Qh3 21. Rxe3 Qxg3+ 22. Kf1 Rxe3 23. Nd2 Rxd3 24. Ke2 Rxd2+ 25. Kxd2 Qf2+ 26. Kc1 Re8 27. Qc2 Re1+ 28. Kb2 Qxc2+ 29. Kxc2 0-1

[Event "Titled Tuesday intern op 21st Dec"]
[Site "Chess.com INT"]
[Date "2021.12.21"]
[Round "11"]
[White "Brunner, Nicolas"]
[Black "Gurevich, Dmitry"]
[Result "0-1"]
[WhiteElo "2415"]
[BlackElo "2358"]
[PlyCount "84"]
[EventDate "2021.12.21"]
[EventType "swiss (blitz)"]
[EventRounds "11"]
[EventCountry "USA"]
[SourceTitle "CBM 205 Extra"]
[Source "ChessBase"]
[SourceDate "2022.01.31"]
[SourceVersion "1"]
[SourceVersionDate "2022.01.31"]
[SourceQuality "1"]

1. d4 Nf6 2. c4 a6 3. Nf3 c5 4. Nc3 cxd4 5. Nxd4 d5 6. cxd5 Nxd5 7. Bd2 e5 8. Nb3 Nc6 9. e4 Nxc3 10. Bxc3 Qxd1+ 11. Rxd1 Be6 12. Bd3 f6 13. O-O Kf7 14. f3 Be7 15. Rd2 Rhd8 16. Rfd1 Nb4 17. Bb1 Rxd2 18. Rxd2 a5 19. Nc1 b5 20. b3 Nc6 21. Nd3 b4 22. Bb2 Rd8 23. Kf1 Nd4 24. Ke1 h5 25. Nc1 Rc8 26. Ne2 Nb5 27. Rc2 Rxc2 28. Bxc2 Bc5 29. Bd3 Nd6 30. g3 g5 31. Bc1 Bh3 32. Ba6 Bg2 33. f4 gxf4 34. gxf4 Bxe4 35. fxe5 fxe5 36. Ng3 Bb1 37. Nxh5 Bxa2 38. Bb2 Bd4 39. Bxd4 exd4 40. Kd2 Bxb3 41. Kd3 a4 42. Kxd4 a3 0-1

[Event "Titled Tuesday intern op 21st Dec"]
[Site "Chess.com INT"]
[Date "2021.12.21"]
[Round "11"]
[White "Buscar, Michael"]
[Black "Yurovskich, Oleksandr"]
[Result "1/2-1/2"]
[WhiteElo "2088"]
[BlackElo "2328"]
[PlyCount "102"]
[EventDate "2021.12.21"]
[EventType "swiss (blitz)"]
[EventRounds "11"]
[EventCountry "USA"]
[SourceTitle "CBM 205 Extra"]
[Source "ChessBase"]
[SourceDate "2022.01.31"]
[SourceVersion "1"]
[SourceVersionDate "2022.01.31"]
[SourceQuality "1"]

1. d4 d5 2. c4 dxc4 3. e3 Nf6 4. Bxc4 e6 5. Nf3 c5 6. O-O Nc6 7. Nc3 cxd4 8. exd4 Be7 9. a3 O-O 10. Bd3 b6 11. Bc2 Ba6 12. Re1 Rc8 13. Be3 Na5 14. Ne5 Nc4 15. Nxc4 Bxc4 16. Qf3 Nd5 17. Qh3 g6 18. Bh6 Re8 19. Ne4 f5 20. Nd2 Bf6 21. Nxc4 Rxc4 22. Bb3 Rxd4 23. Qf3 Bg7 24. Bxg7 Kxg7 25. Rad1 Rxd1 26. Rxd1 Re7 27. Bxd5 exd5 28. h4 d4 29. h5 Rd7 30. Rd3 Qc7 31. Qd1 Qc4 32. Qd2 Qc5 33. hxg6 hxg6 34. Rh3 Qe5 35. Qh6+ Kf7 36. Qg5 Kg8 37. Qxg6+ Rg7 38. Qh6 Qe1+ 39. Kh2 Qxf2 40. Qe6+ Rf7 41. Qg6+ Kf8 42. Qd6+ Kg8 43. Qd8+ Rf8 44. Qg5+ Kf7 45. Rh7+ Ke6 46. Qe7+ Kd5 47. Qxf8 Qf4+ 48. Kh1 Qf1+ 49. Kh2 Qf4+ 50. Kh3 Qg4+ 51. Kh2 Qf4+ 1/2-1/2

[Event "Titled Tuesday intern op 21st Dec"]
[Site "Chess.com INT"]
[Date "2021.12.21"]
[Round "11"]
[White "Chernov, Alexander A"]
[Black "Buchenau, Frank"]
[Result "1-0"]
[WhiteElo "2314"]
[BlackElo "2265"]
[PlyCount "63"]
[EventDate "2021.12.21"]
[EventType "swiss (blitz)"]
[EventRounds "11"]
[EventCountry "USA"]
[SourceTitle "CBM 205 Extra"]
[Source "ChessBase"]
[SourceDate "2022.01.31"]
[SourceVersion "1"]
[SourceVersionDate "2022.01.31"]
[SourceQuality "1"]

1. e4 e6 2. d4 d5 3. Nd2 Nf6 4. e5 Nfd7 5. Bd3 c5 6. c3 b6 7. Ne2 Ba6 8. Bxa6 Nxa6 9. O-O b5 10. f4 g6 11. Nf3 h5 12. Be3 c4 13. b3 Nc7 14. a4 cxb3 15. Qxb3 bxa4 16. Qxa4 Be7 17. Rfb1 O-O 18. Bf2 Nb6 19. Qd1 Nc4 20. Qe1 a5 21. h3 a4 22. g4 hxg4 23. hxg4 Qd7 24. Ra2 Rfb8 25. Rba1 a3 26. Bh4 Rb2 27. Qg3 Rab8 28. Qh3 Rxa2 29. Rxa2 Rb2 30. Bf6 Bxf6 31. exf6 Rxa2 32. Ng5 1-0